000
00304nam a22001457a 4500
008
230906b ||||| |||| 00| 0 eng d
020
_a
2800393048430
041
_a
eng
080
_a
101
082
_a
101WOL
100
_a
44
101
_a
FILOZ
245
_a
MORAL FREDOM
_c
WOLFE.A
942
_2
udc
_c
BK
999
_c
60258
_d
60258